000
00452nam a2200145Ia 4500
008
100122s9999 xx 000 0 und d
082
_b
28236
_a
823
100
_a
मराठे प्र द
245
_a
मन शुध्द तुझं
260
_b
दिपज्योती प्रकाशन
_c
1905
300
_a
172
630
_a
मन शुध्द तुझं
730
_a
मन शुध्द तुझं
942
_c
BOOK
999
_c
413986
_d
413983